000 00723nam a22002177a 4500
999 _c13512
_d13512
003 AR-CdUCM
008 190415b ||||| |||| 00| 0 spa d
040 _aMUNICIPALIDAD PROVINCIAL DEL CUSCO
_cBIBLIOTECA MUNICIPAL DEL CUSCO
082 _a051 /
_bS99 / 1914
100 _aS. H. F.
_931963
245 _aVariedades /
260 _aLima :
_c1914.
300 _a1604 paginas ;
_c29 cm.
505 _aContenido : Banco del Perú y Londres -- Chirigotas -- Curiosidades y recortes -- La constitución del agua -- El triunfo de la constitucionalidad...
650 _aVariedades
_931964
650 _aPerú
_935
650 _aHistoria
_9136
650 _aAmenidades
_931965
942 _2ddc
_cPP
945 _awnts
_d2019-04-15